000 01143nam a2200301 c 4500
999 _c85138
_d85138
003 BLK
005 20220224100601.0
008 180408b bul|||||r ||||||| ||bul||
010 _aKNG00089734000
020 _a978-954-8190-62-6
040 _aBLK
041 _aBUL
_cBUL
072 7 _2bullib
_aК
_xКраезнание
080 _aБългарска литература
_b821.163.2
_x-94
_z821.163.2-94
100 1 _aБиков, Владимир Тодоров
_eпърви автор
_9296860
139 _aБиков, Владимир Тодоров
_bБ 44
245 1 0 _aСпомените ми за няколко необикновени личности (вече покойници), с които имах възможността да се запозная
_cВладимир Тодоров Биков.
257 _aBGR
260 _bЛени-Ан
_c2009
300 _a45 с.
_c21 см
380 _aX
659 _aК
852 _aЦб 244173
852 _aК 821.163.2/Б 44 В
856 4 _qpdf
856 4 _qpdf
942 _cKNG
_n0
_s1
944 _aCR
_c29.05.2009
_lф /
_kВаля_Йорданова
944 _aED
_c14.04.2010
_lф /
999 _d85138